000 00740nam a2200193 a 4500
003 0
005 20250206094339.0
008 130817s19uu xx 00 eng d
050 _aPHS BF 448
_b.G184 2013
100 _aGamab, Paulo Gabriel C.
245 _aExternal factors and decision making among high school students /
_cPaulo Gabriel C. Gamab.
260 _aLas PiƱas City, Philippines :
_bSouthville International School and Colleges,
_c2013.
300 _a32 pages :
_billustrations ;
_c28 cm.
504 _aIncludes bibliographical references.
650 _aDecision-making
_vPsychological aspects.
650 _aHigh school students
_vDecision-making.
650 _aAdolescent psychology
_vCognitive processes.
942 _2lcc
_cPASS
999 _c98931
_d98931